Emily Bussa
N/A
Categories
Arts - Music | 1 | 2 | 1 | 0 | 30 | 53 | 85.33 | 2 | 3 |
History - Other History | 0 | 2 | 0 | 2 | 20 | 113 | 122.50 | 0 | 2 |
Other - Other Academic | 0 | 2 | 1 | 1 | 15 | 84 | 101.00 | 1 | 2 |
History - American History | 1 | 0 | 0 | 0 | 15 | 68 | 68.00 | 1 | 1 |
Literature - British Lit | 0 | 1 | 0 | 0 | 10 | 114 | 114.00 | 0 | 1 |
Science - Other Science | 0 | 0 | 0 | 0 | 0 | 0.00 | 0 | 0 | |
Arts - Painting | 0 | 0 | 0 | 0 | 0 | 0.00 | 0 | 0 | |
History - World History | 0 | 0 | 0 | 0 | 0 | 0.00 | 0 | 0 | |
Science - Chemistry | 0 | 0 | 0 | 0 | 0 | 0.00 | 0 | 0 | |
Literature - American Lit | 0 | 0 | 1 | 0 | -5 | 0.00 | 0 | 0 | |
Science - Biology | 0 | 0 | 1 | 0 | -5 | 0.00 | 0 | 0 |